000 00709nas a2200241 4500
001 BR8203424
003 BR-BrBNA
005 20231205085212.0
007 ta
008 230509b bl.|||p| |||| 00| 00por d
040 _aBR-BrBNA
_bpor
_cBiblioteca Nacional de Agricultura
041 _a(Pt)
072 _aE10; Q10
100 1 _aRodrigues, F.
245 1 _a9. Concafe: uma politica para o setor de torrefacao
650 _aCAFE
650 _aMERCADO NACIONAL
650 _aPOLITICA INDUSTRIAL
650 _aTORREFACAO
773 0 _tRevista do Comercio de Cafe (Brazil)
_xISSN 0034-9224
_g(Oct 1982), v. 63(686) p. 9-11
_wBR8203424
909 _a202311
_bLúcia
_c55
_dLúcia Elande
942 _2AGRIS
_n0
_cANA
999 _c109950
_d109950